| 000 | 00621nam a22002417a 4500 | ||
|---|---|---|---|
| 003 | UA-OsUOA | ||
| 001 | 108253 | ||
| 007 | ta | ||
| 008 | 20141010b un ||||| |||| 00| 0 ukr d | ||
| 090 | _a159.9+37(075.8)=111 | ||
| 942 | _cBK | ||
| 040 |
_aUA-OsUOA _beng _cUA-OsUOA _dUA-OsUOA |
||
| 245 |
_aPsychology and Pedagogics _cS. D. Maksymenko |
||
| 300 | _a520 p. | ||
| 955 | _a2 | ||
| 041 | _aeng | ||
| 080 | _a159.9+37(075.8)=111 | ||
| 020 | _a978-966-194-112-9 | ||
| 260 |
_aК. _bSlovo _c2012 |
||
| 650 | 7 |
_a159.9 Психологія _2UDC |
|
| 999 |
_c394207 _d394207 |
||